01592nam a2200421 a 4500008004100000020001800041041000800059100002900067245011100096250007100207260003300278300001100311500015800322653001300480653002800493653004100521653002200562653001500584653002700599653002000626653002000646653004900666653003600715653002500751653002700776653002500803653002100828653003200849653003200881653002700913653002700940653002200967653001900989653004901008653004801057653004601105700001901151190802e2016 sp ||||| |||| 00| 0 spa d a9788490229590 aspa1 aKierszenbaum, Abraham L. aHistología y Biología Celular.bIntroducción a la Anatomía Patológica /cAbraham L. Kierszenbaum a4a ed.bRevisión científica Mª. Jesús Fernández Aceñero aBarcelona:bElsevier;c2016. a733 p. aKierszenbaum, A. L. y Tres, L. L. (2016). Histología y biología celular. Introducción a la anatomía patológica. (4a ed.). Barcelona : Elsevier. aEpitelio aGlándulas epiteliales aTransmisión de señales celulares aTejido conjuntivo aOsteogenia aSangre y hematopoyesis aTejido muscular aTejido nervioso aÓrganos sensoriales: visión y audición aSistema inmunitario-linfático aSistema tegumentario aAparato cardiovascular aAparato respiratorio aSistema urinario aSegmento digestivo superior aSegmento digestivo inferior aGlándulas digestivas aSistema neuroendocrino aSistema endocrino aEspermatogenia aTransporte y maduración del espermatozoide aDesarrollo del folículo y ciclo menstrual aFecundación, placentación y lactancia1 aTres, Laura L.